00474 2200205 4500001002100000008004100021035002000062245003700082100001700119250000600136260003200142300001100174084001400185082000800199650001300207990001200220990001200232990001200244990001200256INLIS000000000000642 ind  a0010-0424000618 aKedokteran Saat InicAnne Rooney aRooney, Anne a1 aBandung :bPakar Rayac2009 a48 hlm a500 ANN k a500 aNonfiksi a0721622 a0721623 a0721624 a0721625